La prueba en el proceso penal

Gorde:
Xehetasun bibliografikoak
Egile nagusia: Cafferata Nores, José Ignacio (Egilea)
Formatua: Liburua
Hizkuntza:gaztelania
Argitaratua: Buenos Aires Depalma 1988
Gaiak:
Etiketak: Etiketa erantsi
Etiketarik gabe, Izan zaitez lehena erregistro honi etiketa jartzen!

MARC

LEADER 00000nam a2200000 a 4500
001 UCV1334
003 CL-VaPUC
008 900417e19880000AG |||||||||||||||||spa|d
082 0 4 |a 345.3  |b CAF  |2 21 
100 0 |a Cafferata Nores, José Ignacio  |e author  |9 295580 
245 1 3 |a La prueba en el proceso penal 
300 |a 208 p 
942 |c BK 
945 |d 19900417 00:00:00 
260 |a Buenos Aires  |b Depalma  |c 1988 
650 0 |a Procedimiento penal  |9 254974 
650 0 |a Prueba  |9 256247 
650 0 |a Derecho y legislación   |9 255077 
651 0 |a Argentina  |9 254888 
583 |a last modification  |c 19900417 00:00:00  |k Rodrigo Vera 
999 |c 209318  |d 209316 
952 |0 0  |1 0  |4 0  |6 345_300000000000000_CAF_1988  |7 0  |8 A  |9 184653  |a BIBDER  |b BIBDER  |d 2019-11-14  |i 2519607  |o 345.3 CAF 1988  |p 2519607  |r 2023-01-25  |w 2019-11-14  |y BK  |k DER